000 01010nam a2200277 i 4500
003 DO-SdBNP
005 20240514153745.0
007 ta
008 240514b2008 dr ||||| |||| 00| 0 spa d
020 _a9789945454086
040 _aDO-SdBNP
_bspa
_cBNPHU
_erda
082 4 _222
100 _aBangou, Henri,
_d1922-
_974208
_eautor
245 1 3 _aLa actualidad del combate y de las ideas de Víctor schoelcher /
_cHenri Bangou ; edición, Alberto E. Despradel Cabral ; traducción y corrección, Diana Contreras
264 _aSanto Domingo :
_bManatí,
_c2008.
300 _a80 páginas ;
_c23 cm.
336 _2rdacontent
_atexto
_btxt
337 _2rdamedia
_asin mediación
_bn
338 _2rdacarrier
_avolumen
_bnc
500 _aIncluye referencias bibliográficas y notas al pie de las páginas
590 _aInventariado, 2024/BT
700 1 _aDespradel Cabral, Alberto E.,
_eedición
_934488
700 1 _aContreras, Diana,
_etraducción y corrección
_985467
910 _aBtavárez
942 _2ddc
_cLBS1
999 _c56666
_d56666